LEADER 01193nam 2200421 450 001 9910467036303321 005 20200520144314.0 010 $a80-246-3196-2 035 $a(CKB)3790000000543021 035 $a(MiAaPQ)EBC5205472 035 $a(Au-PeEL)EBL5205472 035 $a(CaPaEBR)ebr11492886 035 $a(OCoLC)1017737162 035 $a(EXLCZ)993790000000543021 100 $a20180201h20172017 uy 0 101 0 $acze 135 $aurcnu|||||||| 181 $2rdacontent 182 $2rdamedia 183 $2rdacarrier 200 10$aMikula?s Puchni?k /$fDominik Budsky 210 1$a[Place of publication not identified] :$cCharles University in Prague, Karolinum Press,$d2017. 210 4$dİ2017 215 $a1 online resource (206 pages) $cillustrations 300 $aIncludes indexes. 311 $a80-246-3179-2 606 $aCommon law$xHistory 608 $aElectronic books. 615 0$aCommon law$xHistory. 676 $a340.57 700 $aBudsky$b Dominik$0903859 801 0$bMiAaPQ 801 1$bMiAaPQ 801 2$bMiAaPQ 906 $aBOOK 912 $a9910467036303321 996 $aMikula?s Puchni?k$92020523 997 $aUNINA